000 00749cab a2200241 4500
001 ABS50901
008 090401t1994 xxu||||| |||| 00| 0 eng d
035 _a(Sirsi) u728
041 _aeng
100 _aGirdwood, R.S.H.
245 2 _aA landlord`s common law obligations
260 _c1994
350 _a0
490 _aProperty Law
_v(9) June 1994, 6-7(2)
520 _aExplains the obligations of a landlord to a tenant which arise from common law.
650 _aBUILT ENVIRONMENT-BUILDING MAINTENANCE AND REFURBISHMENT
650 _aREPAIRS
650 _aRESIDENTIAL LEASES
650 _aSCOTS LAW
690 _aPROPERTY-RESIDENTIAL PROPERTY-RESIDENTIAL LANDLORD AND TENANT-RESIDENTIAL TENANCIES
942 _n0
948 _c04/03/1997
999 _c381
_d381